45 Random Missing Countries on a Map - Statistics

General Stats
  • This quiz has been taken 3,640 times
  • The average score is 39 of 45
Answers on the Map
Answers color-coded by a green-red scale on the quiz's map according to % correct below.
 
Answer Stats
Country % Correct
Canada
100%
France
100%
Germany
100%
Mexico
100%
Russia
100%
United States
100%
Algeria
99%
Argentina
99%
Brazil
99%
Colombia
99%
Egypt
99%
India
99%
Mongolia
99%
Nigeria
99%
Poland
99%
Turkey
99%
Ukraine
99%
Belarus
98%
Chad
98%
China
98%
Ethiopia
98%
Niger
98%
Romania
98%
Saudi Arabia
98%
South Africa
98%
Afghanistan
97%
Australia
97%
Bolivia
97%
Czech Republic
97%
Democratic Republic of the Congo
97%
Hungary
97%
Kazakhstan
97%
Libya
97%
Mauritania
97%
Panama
97%
Spain
97%
Sudan
97%
Sweden
97%
Central African Republic
96%
Finland
96%
Ghana
96%
Italy
96%
Mozambique
96%
Namibia
96%
Paraguay
96%
Peru
96%
Slovakia
96%
South Sudan
96%
Switzerland
96%
Botswana
95%
Costa Rica
95%
Iran
95%
Iraq
95%
Kenya
95%
Nepal
95%
Pakistan
95%
United Kingdom
95%
Venezuela
95%
Zimbabwe
95%
Cameroon
94%
Lithuania
94%
Mali
94%
Serbia
94%
Tanzania
94%
Zambia
94%
Austria
93%
Bulgaria
93%
Burkina Faso
93%
Croatia
93%
Laos
93%
Nicaragua
93%
Norway
93%
Papua New Guinea
93%
Uruguay
93%
Yemen
93%
Angola
92%
Bosnia and Herzegovina
92%
Guinea
92%
Guyana
92%
Kyrgyzstan
92%
Portugal
92%
Togo
92%
Belgium
91%
Gabon
91%
Greece
91%
Guatemala
91%
Honduras
91%
Indonesia
91%
Ivory Coast
91%
Japan
91%
Republic of the Congo
91%
Senegal
91%
South Korea
91%
Uganda
91%
Uzbekistan
91%
Chile
90%
Ecuador
90%
Haiti
90%
Morocco
90%
Suriname
90%
Tajikistan
90%
Turkmenistan
90%
Kosovo
89%
Moldova
89%
North Macedonia
89%
Thailand
89%
Benin
88%
Dominican Republic
88%
Liberia
88%
Oman
88%
Tunisia
88%
Cambodia
87%
Estonia
87%
Lesotho
87%
Rwanda
87%
Bangladesh
86%
Bhutan
86%
Denmark
86%
Jordan
86%
Latvia
86%
Malawi
86%
Myanmar
86%
Slovenia
86%
Somalia
86%
Vietnam
86%
Cuba
85%
Syria
85%
Eritrea
84%
Equatorial Guinea
83%
Sierra Leone
83%
New Zealand
82%
North Korea
82%
Azerbaijan
81%
Ireland
81%
Seychelles
81%
Armenia
80%
Georgia
80%
Montenegro
80%
Philippines
80%
Albania
79%
Comoros
79%
Guinea-Bissau
79%
United Arab Emirates
79%
Kiribati
78%
Taiwan
78%
Bahamas
77%
Gambia
77%
Iceland
77%
Madagascar
77%
Eswatini
76%
Israel
76%
Jamaica
76%
Malaysia
76%
Netherlands
76%
Palau
76%
Sri Lanka
76%
Fiji
75%
Luxembourg
75%
Micronesia
75%
Solomon Islands
75%
Burundi
74%
São Tomé and Príncipe
74%
El Salvador
73%
Qatar
73%
Mauritius
72%
Tonga
72%
Djibouti
71%
Kuwait
70%
Cape Verde
69%
Malta
69%
Cyprus
68%
Nauru
68%
Tuvalu
68%
Vanuatu
67%
Belize
66%
Marshall Islands
66%
Maldives
65%
Lebanon
63%
Samoa
61%
Trinidad and Tobago
52%
East Timor
48%
No matching quizzes found
Score Distribution
Percent of People with Each Score
Percentile by Number Answered
Your Score History
You have not taken this quiz